| 000 | 00694nam a2200205 a 4500 | ||
|---|---|---|---|
| 005 | 20230526063540.0 | ||
| 008 | 040506s2000 mx r 000 0 spa d | ||
| 020 | _a9879749847 | ||
| 035 | _aUPN01000133312 | ||
| 049 | _aCG | ||
| 050 | 4 |
_aHM851 _bC5.8 |
|
| 245 | 0 | 1 |
_a¡Ciudadanos a la red! : _blos vínculos sociales en el ciberespacio / _ccoord. Susana Finquelievich. |
| 260 |
_aBuenos Aires : _bCiccus-La Crujía : _c2000. |
||
| 300 | _a332 p. | ||
| 440 | 0 |
_aSigno. _pComunicación y tecnología |
|
| 650 | 4 |
_aTecnología de la información _xAspectos sociales _96036 |
|
| 650 | 4 |
_aCIBERESPACIO - _xASPECTOS SOCIALES _99636 |
|
| 650 | 4 |
_aInternet _xAspectos sociales _96033 |
|
| 905 | _aLibro | ||
| 999 |
_c105464 _d105464 |
||